| LEADER |
00848nam0a2200193 450 |
| 001 |
16847888 |
| 010 |
|
|
|a 978-2-10-077620-7
|b br.
|d 16,9
|
| 100 |
|
|
|a 20171017d2018 u u0frey01 ba
|
| 101 |
0 |
|
|a fre
|
| 102 |
|
|
|a FR
|
| 200 |
0 |
|
|a Ces arbres qui nous veulent du bien
|e à la découverte des bienfaits de la sylvothérapie
|f Laurence Monce
|
| 207 |
|
1 |
|a
|
| 215 |
|
|
|a 1 vol. (237 p.)
|d 22 x 14 cm
|
| 300 |
|
|
|a Coup de coeur
|
| 330 |
|
|
|a Une invitation à la promenade en forêt et à la découverte du pouvoir de guérison des arbres. L'auteure vante les bienfaits de la sylvothérapie sur le stress, la tension artérielle et le système immunitaire.
|
| 700 |
|
0 |
|a Monce
|b Laurence
|4 70
|
| 900 |
|
|
|a Documentaire
|
| 901 |
|
|
|a Accessible au prêt
|
| 995 |
|
|
|a Bibliothèque
|c Bibliothèque
|f 00156010827459
|h 00156010827459
|k 158 SYL
|o p
|q a
|r az
|e Bibliothèque
|